| Поле | Название | Значение |
| |
Тип записи |
a |
| |
Библиографический уровень |
m |
| 001 |
Контрольный номер |
913cd18e-c235-47b3-a54b-602bb0c8c7fe |
| 005 |
Дата корректировки |
20140820192402.8 |
| 010 |
Индекс ISBN |
__ |
| a |
ISBN |
978-5-905921-11-7 |
| 100 |
Данные общей обработки |
__ |
| a |
Данные общей обработки |
20130829 |||y0 y0189 ca |
| 101 |
Язык документа |
__ |
| a |
Язык текста |
rus |
| 105 |
Кодированные данные (монография) |
__ |
| a |
Кодированные данные (монография) |
zy |
| 200 |
Заглавие и сведения об ответственности |
0_ |
| a |
Заглавие |
Психология и педагогика [текст] |
| e |
Сведения, относящиеся к заглавию |
учебное пособие |
| 210 |
Выходные данные |
__ |
| a |
Место издания |
Краснодар |
| c |
Издательство |
ККИ |
| d |
Дата издания |
2013 |
| 215 |
Физическое описание |
__ |
| a |
Объем |
136 с. |
| 606 |
Тематические рубрики |
__ |
| a |
Основная рубрика |
Психология |
| x |
Основная подрубрика |
Психология |
| 610 |
Ключевые слова |
__ |
| a |
Ключевые слова |
Психология как наука |
| 610 |
Ключевые слова |
__ |
| a |
Ключевые слова |
психология личности |
| 610 |
Ключевые слова |
__ |
| a |
Ключевые слова |
понятие о темпераменте |
| 610 |
Ключевые слова |
__ |
| a |
Ключевые слова |
характер |
| 610 |
Ключевые слова |
__ |
| a |
Ключевые слова |
личность |
| 610 |
Ключевые слова |
__ |
| a |
Ключевые слова |
психологические познавательные процессы |
| 610 |
Ключевые слова |
__ |
| a |
Ключевые слова |
эмоционально-волевая сфера личности |
| 610 |
Ключевые слова |
__ |
| a |
Ключевые слова |
проблемы конфликтологии |
| 610 |
Ключевые слова |
__ |
| a |
Ключевые слова |
межличностные отношения |
| 610 |
Ключевые слова |
__ |
| a |
Ключевые слова |
связь психологии |
| 675 |
Индекс УДК |
__ |
| a |
Индекс УДК |
159,9 |
| 686 |
Индексы других классификаций |
__ |
| a |
Классификационный индекс |
88 |
| 2 |
Код системы |
rubbk |
| 700 |
Автор |
_1 |
| a |
Фамилия |
Семик |
| b |
Имя |
А.А. |
| 701 |
Альтернативная интеллектуальная ответственность |
_1 |
| a |
Фамилия |
Удовик |
| b |
Имя |
Е.Э. |
| 801 |
Источник записи |
_0 |
| a |
Страна |
|
| b |
Организация |
ККИ |
| c |
Дата составления |
20130829 |
| 852 |
Данные о местонахождении |
__ |
| h |
Классификационный индекс |
15 |
| i |
Авторский знак |
С 30 |
| 899 |
Данные о местонахождении |
__ |
| b |
Место хранения |
УчФ |
| t |
Номер экземпляра |
20 |
| h |
Классификационная часть РШ |
15 |
| i |
Авторский знак |
С 30 |
| 901 |
Тип документа |
__ |
| t |
Тип документа |
m |
| 938 |
Служебная информация |
__ |
| a |
Название организации |
Краснодарский филиал |
| b |
Имя БД |
Методические пособия |
| c |
Название АИБС |
АИБС Библиотека |